[Event "Maastricht Limburg op-B 9th"]
[Site "Maastricht"]
[Date "2015.05.25"]
[Round "6"]
[White "Brasse, Bram"]
[Black "Winand, Michael"]
[Result "0-1"]
[WhiteElo "1901"]
[BlackElo "1757"]
[PlyCount "110"]
[EventDate "2015.05.22"]
[EventType "swiss"]
[EventRounds "7"]
[EventCountry "NED"]
[SourceTitle "EXT 2016"]
[Source "ChessBase"]
[SourceDate "2015.10.08"]
[SourceVersion "1"]
[SourceVersionDate "2015.10.08"]
[SourceQuality "1"]

1. e4 e5 2. Nf3 Nc6 3. Bb5 a6 4. Bxc6 dxc6 5. d4 exd4 6. Qxd4 Qxd4 7. Nxd4 Bd7 8. Nc3 Nf6 9. f3 0-0-0 10. Be3 Bb4 11. 0-0-0 Rhe8 12. Rhe1 h6 13. a3 Bxc3 14. bxc3 c5 15. Ne2 b6 16. Ng3 Be6 17. Re2 Nd7 18. Nh5 g6 19. Ng7 Rh8 20. Nxe6 fxe6 21. Bf4 g5 22. Bg3 h5 23. h3 Rdf8 24. Red2 Rh7 25. Kb2 Nb8 26. h4 gxh4 27. Bxh4 Nc6 28. Re2 Rg7 29. e5 Na5 30. Bf6 Rh7 31. Rh1 Rff7 32. Rh4 b5 33. Re1 Nc4+ 34. Kb3 Rd7 35. Reh1 Kb7 36. Rxh5 Rxh5 37. Rxh5 Rd1 38. Ka2 Rd2 39. g4 Rxc2+ 40. Ka1 Rxc3 41. f4 Rxa3+ 42. Kb1 Rf3 43. f5 exf5 44. gxf5 Ne3 45. e6 Nxf5 46. e7 Nd6 47. Bg7 Re3 48. Bf8 Kc6 49. Kc2 Kd7 50. Rxc5 c6 51. Rh5 Nc8 52. Rh7 Nxe7 53. Kd2 Re6 54. Kd3 Ke8 55. Rh8 Ng6 0-1

[Event "Maastricht Limburg op-B 9th"]
[Site "Maastricht"]
[Date "2015.05.25"]
[Round "7"]
[White "Van Randtwijk, Mick"]
[Black "Brasse, Bram"]
[Result "1-0"]
[WhiteElo "1852"]
[BlackElo "1901"]
[PlyCount "71"]
[EventDate "2015.05.22"]
[EventType "swiss"]
[EventRounds "7"]
[EventCountry "NED"]
[SourceTitle "EXT 2016"]
[Source "ChessBase"]
[SourceDate "2015.10.08"]
[SourceVersion "1"]
[SourceVersionDate "2015.10.08"]
[SourceQuality "1"]

1. e4 d5 2. exd5 Qxd5 3. Nc3 Qd6 4. Nf3 Nf6 5. d4 Bg4 6. Be2 c6 7. 0-0 Nbd7 8. Be3 e6 9. h3 Bxf3 10. Bxf3 Qc7 11. Re1 Bd6 12. d5 cxd5 13. Nxd5 Nxd5 14. Bxd5 0-0 15. Be4 Nf6 16. Bd3 Rfd8 17. Bg5 Be7 18. Qf3 Nd5 19. Bxe7 Qxe7 20. a3 Qf6 21. Qxf6 Nxf6 22. Rad1 Kf8 23. c4 b6 24. b4 Rd4 25. Be2 Rad8 26. Rxd4 Rxd4 27. Rc1 Ke7 28. c5 bxc5 29. Rxc5 Rd7 30. Bb5 Rd1+ 31. Kh2 Ne8 32. Bc6 Rd6 33. b5 Rd2 34. Rc4 Nd6 35. Ra4 Nc8 36. Bb7 1-0

[Event "Maastricht Limburg op-B 9th"]
[Site "Maastricht"]
[Date "2015.05.23"]
[Round "2"]
[White "De Freytas, Paul"]
[Black "Brasse, Bram"]
[Result "1/2-1/2"]
[WhiteElo "1964"]
[BlackElo "1901"]
[PlyCount "46"]
[EventDate "2015.05.22"]
[EventType "swiss"]
[EventRounds "7"]
[EventCountry "NED"]
[SourceTitle "EXT 2016"]
[Source "ChessBase"]
[SourceDate "2015.10.08"]
[SourceVersion "1"]
[SourceVersionDate "2015.10.08"]
[SourceQuality "1"]

1. Nf3 d5 2. d4 Nf6 3. c4 c6 4. e3 g6 5. Nc3 Bg7 6. Bd3 0-0 7. 0-0 Nbd7 8. b3 Re8 9. Bb2 b6 10. Qd2 Bb7 11. e4 dxe4 12. Nxe4 c5 13. d5 Nxe4 14. Bxe4 Nf6 15. Rae1 Nxe4 16. Rxe4 f5 17. Re6 Bc8 18. Rfe1 Bxe6 19. Rxe6 Qc7 20. h4 Kf7 21. Rc6 Qd7 22. Re6 Qc7 23. Rc6 Qd7 1/2-1/2

[Event "Maastricht Limburg op-B 4th"]
[Site "Maastricht"]
[Date "2010.05.24"]
[Round "6"]
[White "Brasse, Bram"]
[Black "Tjong, Akiet Raf"]
[Result "0-1"]
[WhiteElo "1764"]
[BlackElo "1772"]
[PlyCount "50"]
[EventDate "2010.05.21"]
[EventType "swiss"]
[EventRounds "7"]
[EventCountry "NED"]
[SourceTitle "EXT 2011"]
[Source "ChessBase"]
[SourceDate "2010.11.26"]
[SourceVersion "1"]
[SourceVersionDate "2010.11.26"]
[SourceQuality "1"]

1. Nf3 Nf6 2. d4 e6 3. c4 Bb4+ 4. Bd2 Bxd2+ 5. Nbxd2 d6 6. g3 Qe7 7. Bg2 0-0 8. 0-0 e5 9. e3 Nc6 10. d5 Nd8 11. Qc2 a5 12. Nh4 g6 13. Rac1 b6 14. f4 Ng4 15. Rce1 f5 16. h3 Nf6 17. fxe5 Qxe5 18. Rf3 Nf7 19. Nf1 Ng5 20. Rf2 Nfe4 21. Bxe4 fxe4 22. Rxf8+ Kxf8 23. Qh2 Nxh3+ 24. Kh1 g5 25. Ng2 Qxb2 0-1

[Event "Maastricht Limburg op-B 4th"]
[Site "Maastricht"]
[Date "2010.05.24"]
[Round "7"]
[White "Geboers, Jimmy"]
[Black "Brasse, Bram"]
[Result "1-0"]
[WhiteElo "1977"]
[BlackElo "1764"]
[PlyCount "89"]
[EventDate "2010.05.21"]
[EventType "swiss"]
[EventRounds "7"]
[EventCountry "NED"]
[SourceTitle "EXT 2011"]
[Source "ChessBase"]
[SourceDate "2010.11.26"]
[SourceVersion "1"]
[SourceVersionDate "2010.11.26"]
[SourceQuality "1"]

1. d4 d5 2. c4 Nc6 3. Nc3 Nf6 4. cxd5 Nxd5 5. e4 Nb6 6. d5 Ne5 7. f4 Ng6 8. Nf3 e6 9. Bb5+ Bd7 10. dxe6 fxe6 11. Qe2 Bxb5 12. Qxb5+ Qd7 13. Qxd7+ Nxd7 14. Nb5 Bb4+ 15. Ke2 Ba5 16. Be3 a6 17. Na3 0-0 18. g3 c6 19. Nc4 Bc7 20. Rad1 Rad8 21. Ng5 Rfe8 22. Nd6 Bxd6 23. Rxd6 Ndf8 24. Rhd1 Rxd6 25. Rxd6 h6 26. Nf3 Nh8 27. Ne5 Nf7 28. Nxf7 Kxf7 29. Bc5 Rc8 30. Rd3 Rc7 31. Bd6 Rd7 32. Bxf8 Rxd3 33. Kxd3 Kxf8 34. Kd4 Ke7 35. Kc5 Kd7 36. Kb6 Kc8 37. g4 g6 38. h4 h5 39. gxh5 gxh5 40. f5 exf5 41. exf5 Kd7 42. Kxb7 Kd6 43. Kxa6 Ke5 44. Kb6 Kxf5 45. a4 1-0